The Cubist epoch. (Record no. 5844)

MARC details
000 -LEADER
fixed length control field 01627cam a2200361 4500
001 - CONTROL NUMBER
control field 2207653
003 - CONTROL NUMBER IDENTIFIER
control field OSt
005 - DATE AND TIME OF LATEST TRANSACTION
control field 20260429162403.0
008 - FIXED-LENGTH DATA ELEMENTS--GENERAL INFORMATION
fixed length control field 710412s1971 nyua c 001 0 eng
010 ## - LIBRARY OF CONGRESS CONTROL NUMBER
LC control number 74112621
Canceled/invalid LC control number 73585644
020 ## - INTERNATIONAL STANDARD BOOK NUMBER
International Standard Book Number 0714832421
035 ## - SYSTEM CONTROL NUMBER
System control number 2207653
040 ## - CATALOGING SOURCE
Original cataloging agency DLC
Transcribing agency Foundation University
050 00 - LIBRARY OF CONGRESS CALL NUMBER
Classification number ND 553.C8
Item number C66 .1971
100 1# - MAIN ENTRY--PERSONAL NAME
Personal name Cooper, Douglas,
Dates associated with a name 1911-1984.
9 (RLIN) 15787
245 14 - TITLE STATEMENT
Title The Cubist epoch.
260 ## - PUBLICATION, DISTRIBUTION, ETC.
Place of publication, distribution, etc. [London]
Name of publisher, distributor, etc. Phaidon in association with the Los Angeles County Museum of Art & the Metropolitan Museum of Art [distributed by Praeger, New York,
Date of publication, distribution, etc. 1971
264 ## - PRODUCTION, PUBLICATION, DISTRIBUTION, MANUFACTURE, AND COPYRIGHT NOTICE
Copyright Date 1971
300 ## - PHYSICAL DESCRIPTION
Extent 320 p.
Other physical details illus. (part col.)
Dimensions 26 cm.
Materials specified books
Type of unit books
336 ## - CONTENT TYPE
Content type term text
Content type code txt
Source rdacontent
Materials specified books
337 ## - MEDIA TYPE
Media type term unmediated
Media type code n
Source rdamedia
Materials specified books
338 ## - CARRIER TYPE
Carrier type term volume
Carrier type code nc
Source rdacarrier
Materials specified books
500 ## - GENERAL NOTE
General note Based on an exhibition of 321 paintings, sculpture, drawings, and prints shown at the Los Angeles County Museum of Art, 1970 and at the Metropolitan Museum of Art, 1971.
650 #0 - SUBJECT ADDED ENTRY--TOPICAL TERM
Topical term or geographic name entry element Cubism
Form subdivision Exhibitions.
9 (RLIN) 15788
650 #0 - SUBJECT ADDED ENTRY--TOPICAL TERM
Topical term or geographic name entry element Art, Modern
Chronological subdivision 20th century.
9 (RLIN) 11160
655 #7 - INDEX TERM--GENRE/FORM
Genre/form data or focus term Exhibition catalogs.
Source of term lcgft
Authority record control number or standard number https://id.loc.gov/authorities/genreForms/gf2014026098
9 (RLIN) 12632
710 2# - ADDED ENTRY--CORPORATE NAME
Corporate name or jurisdiction name as entry element Los Angeles County Museum of Art.
9 (RLIN) 15789
710 2# - ADDED ENTRY--CORPORATE NAME
Corporate name or jurisdiction name as entry element Metropolitan Museum of Art (New York, N.Y.)
9 (RLIN) 15790
906 ## - LOCAL DATA ELEMENT F, LDF (RLIN)
a 7
b cbc
c orignew
d 2
e ncip
f 19
g y-gencatlg
942 ## - ADDED ENTRY ELEMENTS (KOHA)
Source of classification or shelving scheme Dewey Decimal Classification
Koha item type Books
Classification part ND 553.C8
Item part .1971 C66
Call number prefix (DAFA-FA)
Holdings
Withdrawn status Lost status Source of classification or shelving scheme Damaged status Not for loan Collection code Home library Current library Shelving location Date acquired Source of acquisition Total Checkouts Full call number Barcode Date last seen Price effective from Koha item type Accession Number
    Library of Congress Classification     Non-fiction Foundation University Library Foundation University Library DoArchitecture & Fine Arts 04/29/2026 Donations   (DAFA-FA) ND 553.C8 .1971 C66 0192026003366 04/29/2026 04/29/2026 Books DAFA-2026366